Manažment a manažment rizika

Salvato in:
Dettagli Bibliografici
Autore principale: Gertler, Ľubomíra, 1977-
Natura: Capitolo di libro
Lingua:slovacco
Tags: Aggiungi Tag
Nessun Tag, puoi essere il primo ad aggiungerne!!

MARC

LEADER 00000naa$a2200000$$$4500
001 0061231
005 20240502071702.3
041 0 |a slo 
044 |a SK 
245 1 0 |a Manažment a manažment rizika  |c Ľubomíra Gertler 
100 1 |a Gertler, Ľubomíra, 1977-